000 00863cab a2200265 4500
001 ABS58365
008 090401t1998 xxu||||| |||| 00| 0 eng d
035 _a(Sirsi) u84140
041 _aeng
100 _aCrathorne, R.
245 2 _aA crop of new ideas for income growth
260 _c1998
350 _a0
490 _aProperty Week
_v61(4) 30 January 1998, 28(1)
520 _aAdvises estate and landowners to diversify to increase their income. Suggests looking at all sectors of the rental market as potential opportunities as the gap between open market rents and fair rents starts to close.
650 _aDIVERSIFICATION
650 _aFAIR RENTS
650 _aFARM INCOMES
650 _aFARM RENTS
650 _aOPEN MARKET RENTS
650 _aREDUNDANT FARM BUILDINGS
690 _aRURAL PRACTICE
942 _n0
948 _c10/02/1998
999 _c52860
_d52860